A Guide on Sports & Physical Education (Record no. 34194)
[ view plain ]
| 000 -LEADER | |
|---|---|
| fixed length control field | 00304nam a22001217a 4500 |
| 082 ## - DEWEY DECIMAL CLASSIFICATION NUMBER | |
| Classification number | 613.71 |
| 100 ## - MAIN ENTRY--PERSONAL NAME | |
| Personal name | Mughal, Waheed |
| 245 ## - TITLE STATEMENT | |
| Title | A Guide on Sports & Physical Education |
| 260 ## - PUBLICATION, DISTRIBUTION, ETC. | |
| Place of publication, distribution, etc. | Rawalpindi : |
| Name of publisher, distributor, etc. | Tahir Printing Press, |
| Date of publication, distribution, etc. | 2009. |
| 300 ## - PHYSICAL DESCRIPTION | |
| Extent | 592 p. ; |
| Other physical details | 23 cm. |
| 500 ## - GENERAL NOTE | |
| General note | Hardcover. |
| 942 ## - ADDED ENTRY ELEMENTS (KOHA) | |
| Koha item type | Book |
| Withdrawn status | Lost status | Source of classification or shelving scheme | Damaged status | Not for loan | Permanent Location | Current Location | Shelving location | Date acquired | Full call number | Barcode | Date last seen | Price effective from | Koha item type |
|---|---|---|---|---|---|---|---|---|---|---|---|---|---|
| School of Mechanical & Manufacturing Engineering (SMME) | School of Mechanical & Manufacturing Engineering (SMME) | Book Bank | 08/03/2016 | 613.71 | SMME-BB304 | 04/02/2018 | 08/03/2016 | Book |
